Report Of The Committee On Lands And Natural Resources On The Ghana Boundary Commission Bill, 2023 (Record no. 4325)

MARC details
000 -LEADER
fixed length control field 00563nam a22001697a 4500
003 - CONTROL NUMBER IDENTIFIER
control field OSt
005 - DATE AND TIME OF LATEST TRANSACTION
control field 20240809110845.0
008 - FIXED-LENGTH DATA ELEMENTS--GENERAL INFORMATION
fixed length control field 240809b |||||||| |||| 00| 0 eng d
041 ## - LANGUAGE CODE
Language code of text/sound track or separate title English
082 ## - DEWEY DECIMAL CLASSIFICATION NUMBER
Classification number CRGBCB/24 Acc.no.:9599
110 ## - MAIN ENTRY--CORPORATE NAME
Corporate name or jurisdiction name as entry element Parliament Of The Eighth Republic Of Ghana
245 ## - TITLE STATEMENT
Title Report Of The Committee On Lands And Natural Resources On The Ghana Boundary Commission Bill, 2023
260 ## - PUBLICATION, DISTRIBUTION, ETC.
Place of publication, distribution, etc. Accra
Name of publisher, distributor, etc. Parliament Of The Eighth Republic Of Ghana
Date of publication, distribution, etc. 2024
300 ## - PHYSICAL DESCRIPTION
Extent 10p.;
653 ## - INDEX TERM--UNCONTROLLED
Uncontrolled term Ghana Boundary Commission Bill, 2023.
942 ## - ADDED ENTRY ELEMENTS (KOHA)
Source of classification or shelving scheme Dewey Decimal Classification
Koha item type Reports
Suppress in OPAC No
Holdings
Withdrawn status Lost status Source of classification or shelving scheme Damaged status Not for loan Home library Current library Shelving location Date acquired Total checkouts Full call number Date last seen Copy number Price effective from Koha item type
    Dewey Decimal Classification     Main Library Main Library Open Shelves 12/01/2026   CRGBCB/24 Acc.no.:9599 12/01/2026 1 12/01/2026 Reports
©2026  Parliament of Ghana Library - All rights reserved